Ode to Crayola - Lemon demon - Statistics

General Stats
  • This quiz has been taken 4 times
    2 since last reset
  • The average score is 113 of 254
Answer Stats
Answer % Correct
a
100%
an
100%
and
100%
I
100%
is
100%
it
100%
It
100%
Lemon
100%
love
100%
so
100%
the
100%
at
50%
atomic
50%
blue
50%
color
50%
Crayola
50%
crayola
50%
dazzle
50%
every
50%
factory
50%
friend
50%
glows
50%
godsend
50%
gold
50%
green
50%
hot
50%
I'm
50%
it's
50%
jungle
50%
Laser
50%
like
50%
magenta
50%
me
50%
Midnight
50%
my
50%
no
50%
of
50%
old
50%
on
50%
Orange
50%
Outrageous
50%
pizazz
50%
purple
50%
radical
50%
razzle
50%
razzmatazz
50%
red
50%
rose
50%
said
50%
shamrock
50%
sky
50%
tangerine
50%
that
50%
that's
50%
too
50%
tour
50%
true
50%
watermelon
50%
wear
50%
what
50%
Wild
50%
with
50%
you
50%
96
0%
above
0%
absolve
0%
all
0%
babies
0%
became
0%
box
0%
but
0%
can
0%
clothes
0%
color's
0%
colors
0%
crayola's
0%
crayons
0%
dawn
0%
delicious
0%
do
0%
door
0%
down
0%
egg
0%
everything
0%
from
0%
getting
0%
gonna
0%
gorgeous
0%
heaven
0%
hue
0%
kinda
0%
know
0%
life
0%
majesty
0%
making
0%
mountain's
0%
much
0%
never
0%
nightgown
0%
once
0%
opened
0%
over
0%
pieces
0%
rainbow
0%
really
0%
relax
0%
rise
0%
robins
0%
say
0%
screamin'
0%
shade
0%
sins
0%
skin
0%
suprise
0%
taking
0%
taste
0%
them
0%
they
0%
they're
0%
took
0%
transfixed
0%
violet
0%
vivid
0%
wax
0%
way
0%
without
0%
worn
0%
would
0%
No matching quizzes found
Score Distribution
Percent of People with Each Score
Percentile by Number Answered
Your Score History
You have not taken this quiz since the last reset